Statistics for RB Leipzig Scorers in Bundesliga 2019-20

Click here to take the quiz!

General Stats

  • This quiz has been taken 48 times
  • The average score is 9 of 15

Answer Stats

PlayerGoals% Correct
Timo Werner28
93%
Christopher Nkunku5
82%
Yussuf Poulsen5
82%
Marcel Sabitzer9
80%
Emil Forsberg5
75%
Marcel Halstenberg3
75%
Lukas Klostermann3
68%
Willi Orban1
66%
Kevin Kampl2
59%
Konrad Laimer2
57%
Nordi Mukiele3
55%
Patrik Schick10
52%
Dani Olmo3
48%
Angeliño1
45%
Marcelo Saracchi1
2%

Score Distribution

Percentile by Number Answered

Percent of People with Each Score

Your Score History

You have not taken this quiz